Statistiques concernant IC arrêts Luxembourg - Bruxelles

Cliquez ici pour prendre le quiz!

Statistiques générales

  • Ce quiz a été pris 57 fois
  • Le résultat moyen est 9 sur 15

Statistiques - réponses

PaysArrêt% Correct
LuxembourgLuxembourg
98%
BelgiqueBruxelles-Midi
89%
BelgiqueArlon
87%
BelgiqueNamur
87%
BelgiqueBruxelles-Nord
79%
BelgiqueBruxelles-Central
72%
BelgiqueOttignies
70%
BelgiqueBruxelles-Schuman
66%
BelgiqueBruxelles-Luxembourg
60%
BelgiqueLibramont
53%
BelgiqueGembloux
47%
BelgiqueCiney
36%
BelgiqueRochefort-Jemelle
36%
BelgiqueMarloie
34%
BelgiqueMarbehan
28%

Distribution des résultats

Percentile par nombre de réponses

% des personnes avec chaque résultat

Votre développement - résultats

Vous n’avez pas pris ce quiz